000 00912nam a2200277Ia 4500
005 20251105103638.0
008 210716s2017 xx 000 0 und d
020 _a9781138044852
040 _cAIMIT LIBRARY
041 _aeng
082 _a005.76
_21
_bSUMM
245 _aStatistical learning and data science /
_cEdited by Mireille Gettler Summa...[et.al].
250 _a1st ed.
260 _aNew York :
_cCRC Press ,
_b2017.
300 _axv, 227p. ;
_c24 cm.
_bPB
650 _aStatistical and machine learning
_945017
650 _aData science foundations and applications
_945018
650 _aComplex data
_945019
700 _aSumma, Mireille Gettler.
_945020
700 _aBottou, Leon.
_9243969
700 _aGoldfarb, Bernard.
_945021
700 _aMurtagh, Fionn.
_945022
700 _aPardoux, Catherine.
_945023
700 _aTouati, Myriam.
_945024
942 _2ddc
_cBK
_e1st
_k005.76 SUMM
999 _c196854
_d196854